| 000 | 00897nam a22002535a 4500 | ||
|---|---|---|---|
| 003 | OSt | ||
| 005 | 20170216131058.0 | ||
| 008 | 170215s2012 ua frb 000 0 eng d | ||
| 015 | _a2011 / 1693 | ||
| 020 | _a9789770466312 | ||
| 040 |
_aEG-ScBUE _bara _cEG-ScBUE |
||
| 082 | 0 | 4 |
_222 _a341 _bد س و |
| 100 | 1 | _aدسوقي، سيد إبراهيم. | |
| 245 | 1 | 2 |
_aالوسيط في القانون الدولي العام / _cسيد إبراهيم الدسوقي. |
| 260 |
_aالقاهرة : _bدار النهضة العربية، _c2012. |
||
| 300 |
_aمج. 4 ؛ _c24 سم. |
||
| 504 | _aيشتمل على إرجاعات ببليوجرافية. | ||
| 505 | 2 | _aمج. 4. قانون البحار. | |
| 650 | 7 |
_aالقانون الدولي العام. _2BUEsh |
|
| 650 | 7 |
_aالقانون الدولي البحري. _2BUEsh |
|
| 651 | _2BUEsh | ||
| 653 |
_bLLAAWW _cFebruary2017 |
||
| 942 | _2ddc | ||
| 999 |
_c24175 _d24147 |
||